000 00703nam a22002057a 4500
999 _c180684
_d180684
005 20210813155852.0
010 _aENG-129856
020 _c1275.00
_a978-93-84402-57-0
035 _aEN-113388
037 _bDBAD/PUB
082 _a371.33
100 _aDhillon,Shamshir Singh
245 _aInformation technology, communication and distance education:
_cShamshir Singh Dhillon, Ranjit Kaur
250 _a2018
260 _bGyan Geeta Prakashan
_c2018
_aDelhi
270 _k09716234769
_mgyangeetaprakashan@gmail.com
_aF-7,GALI NO-1,Panchsheel garden Ext.Naveen Shahdara
_bDelhi
_e110032
300 _a312p.
_c24cm (hbk)
700 _aRanjit Kaur
942 _2ddc
_cEN
_h371.33
_kDHI